000 00366 a2200169 4500
001 186369
020 _a85-262-3859-0
040 _cMagnum
100 _aDumas, Alexandre
240 1 0 _aO conde de monte cristo
_lpor
245 1 0 _aO conde de monte cristo
300 _a48
362 0 _a2005
440 1 _aScipione
697 _aLITERATURA INFANTO
942 _cBK
999 _c186369
_d186369